Поледица (Запис номер 135171)
[ съкратено ]
| 000 -Лидер | |
|---|---|
| Контролно поле с фиксирана дължина | nam a22 a 4500 |
| 003 - Код на организацията, давaща контролен номер | |
| Контролно поле | BLK |
| 005 - Дата и час на последна редакция | |
| Контролно поле | 20221121155514.0 |
| 008 - Елементи от данни с фиксирана дължина | |
| fixed length control field | 180409b bul|||||r ||||||| ||bul|| |
| 010 ## - Наследен системен номер | |
| LC control number | KNG00141094000 |
| 040 ## - Източник на каталожния запис | |
| Идентификатор на билиотеката - собственик на записа | BLK |
| 041 ## - Код за език | |
| Код за езика на текст/звукозапис или на отделно заглавие | Български |
| Код за езика КДБФ | Български |
| 080 ## - УДК | |
| Текстов определител УДК | Немска литература |
| УДК код - определител по УДК | 821.112.2 |
| УДК определител | -31 |
| УДК - код + определител | 821.112.2-31 |
| 100 1# - Редна дума - Автор | |
| Автор | Грюн, Макс фон дер |
| Авторска отговорност | първи автор |
| R(LIN) | 324532 |
| 139 ## - Редно поле | |
| Редна дума | Грюн, Макс фон дер |
| Авторски знак | Грън - Г 89 |
| 245 10 - Сведения за заглавието | |
| Заглавие | Поледица |
| Подзаглавни данни | Роман |
| Редно поле (дума) | Макс фон дер Грюн ; прев. от нем. Елисавета Кузманова ; с предг. от Федя Филкова. |
| 257 ## - Страна на издаване | |
| Страна на създаване/издаване | Германия |
| 260 ## - Област на издателските данни | |
| Място на издаване, разпространение и проч. | София |
| Име на издателя, разпространителя и проч. | Нар. култура |
| Година на издаване | 1978 |
| 300 ## - Физическа характеристика | |
| Страници | 244 с. |
| Размери/Мащаб | 21 см |
| 380 ## - Жанр | |
| Жанр | Худож. лит. |
| 490 ## - СЕРИИ (Колекции) | |
| Име на серия | Библиотека Избрани романи |
| №: серия | № 6 |
| 9 (RLIN) | 201228 |
| 500 ## - Общи забележки | |
| Забележка | Авт. не е отбелязан на кор. - Ориг. загл. Stellenwelse Glatteis. - 25 125 тир. |
| 700 1# - Други автори (авторска отговорност) | |
| Лично име | Кузманова, Елисавета Тодорова |
| Автороска отговорност (Описва отношението между автора и произведението) | прев. от нем. |
| 9 (RLIN) | 367022 |
| 700 1# - Други автори (авторска отговорност) | |
| Лично име | Филкова, Федя Райкова |
| Автороска отговорност (Описва отношението между автора и произведението) | с предг. от |
| 9 (RLIN) | 367789 |
| 852 ## - Местоположение | |
| Форматна сигнатура | Цб 95404 |
| 856 4# - Електронен адрес и достъп | |
| Електронен формат | pdf - файл |
| Инструкция (цена за достъп) | 0.00 |
| Права за достъп | disable |
| 856 4# - Електронен адрес и достъп | |
| Електронен формат | pdf - файл |
| Инструкция (цена за достъп) | 0.00 |
| Права за достъп | disable |
| 999 ## - СИСТЕМНИ КОНТРОЛНИ НОМЕРА | |
| Koha biblionumber | 135171 |
| Koha biblioitemnumber | 135171 |
| 942 ## - АРТИКУЛИ | |
| Вид на библиотечния материал | Книги |
| Скрит в OPAC | Не |
| Периодичен библиозапис | Да |
| 944 ## - СЪЗДАВАНЕ И РЕДАКЦИЯ на ЗАПИСА | |
| Създаване/Редакция | Създаване |
| Дата на регистрацията/редакция | 26.09.2016 |
| Служител, извършил регистрацията/редакцията | Правда_Бадева |
| 944 ## - СЪЗДАВАНЕ И РЕДАКЦИЯ на ЗАПИСА | |
| Създаване/Редакция | Редакция |
| Дата на регистрацията/редакция | 26.09.2016 |
| Служител, извършил регистрацията/редакцията | Правда_Бадева |
| 999 ## - СИСТЕМНИ КОНТРОЛНИ НОМЕРА | |
| Koha biblioitemnumber | 135171 |
| Код за отписване | Код за изгубен артикул | Източник на класификационната схема | Код за повреда | Коз за рестрикции | Код за отдаване | Артикулен № | Име на библиотеката - собственик | Име на библиотеката, в която се намира в момента | Статус (Текущо местоположение) | Дата на вписване в системата | Местоположение - отдел | Цена в лева | Инвентарен номер | Систематично азбучна сигнатура | Баркод | Номер на екземпляра | Цена в евро | Служебна бележка | Служебен тип на артикула |
|---|---|---|---|---|---|---|---|---|---|---|---|---|---|---|---|---|---|---|---|
| Не е изгубен | Universal Decimal Classification | Не е повреден | само за читалня | ползва се в читалня | 220993 | Регионална библиотека "Любен Каравелов" Русе | Регионална библиотека "Любен Каравелов" Русе | Хранилище | 1978-01-01 | Хранилище | 1.14 | 269965 | Цб 95404 | 120000269965 | 1 | 0.58 | N: стар фонд Дата: 01.01.1978 | Книги | |
| Изтеглен | Не е изгубен | Universal Decimal Classification | Не е повреден | без рестрикции | заемане за дома | 220994 | Регионална библиотека "Любен Каравелов" Русе | Регионална библиотека "Любен Каравелов" Русе | Заемна - подръчен фонд | 1978-01-01 | Заемна - подръчен фонд | 1.14 | 272406 | П 830-31/Г 89 | 272406 | 2 | 0.58 | N: стар фонд Дата: 01.01.1978 | Книги |
| Изтеглен | Не е изгубен | Universal Decimal Classification | Не е повреден | без рестрикции | заемане за дома | 220995 | Регионална библиотека "Любен Каравелов" Русе | Регионална библиотека "Любен Каравелов" Русе | Заемна - подръчен фонд | 1978-01-01 | Заемна - подръчен фонд | 1.14 | 272413 | П 830-31/Г 89 | 272413 | 3 | 0.58 | N: стар фонд Дата: 01.01.1978 | Книги |